000
00307nam a2200133Ia 4500
008
231017s9999 xx 000 0 und d
082
_a
624.151
082
_b
MAY
245
0
_a
Manual on Subsurface Investigations
245
0
_c
Paul W. Mayne
260
_b
Paul W. Mayne
300
_c
30cm
942
_c
REP
999
_c
604076
_d
604076